[Event "Kaufbeuren 2007 Gruppe A"]
[Site "Kaufbeuren"]
[Date "2007.10.21"]
[Round "4"]
[White "R30 V2.5, TASC."]
[Black "Risc 2500, Saitek"]
[Result "1/2-1/2"]
[WhiteElo "2336"]
[BlackElo "2239"]
[PlyCount "118"]
[EventDate "2007.10.20"]
[EventType "tourn"]
[EventCountry "GER"]
[EventCategory "1"]
[SourceDate "2007.10.20"]

1. c4 e5 2. g3 Nf6 3. Bg2 c6 4. Nc3 d5 5. cxd5 cxd5 6. Qb3 Nc6 7. Nxd5 Nd4 8.
Nxf6+ Qxf6 9. Qd1 Bf5 10. d3 Rc8 11. Kf1 Qa6 12. Bd2 Be7 13. Nf3 Nxf3 14. Bxf3
Be6 15. Bc3 f6 16. Qd2 O-O 17. Kg2 Rfd8 18. Bb4 Rd7 19. Rhc1 Rcc7 20. Bxe7 Rxe7
21. Qb4 Red7 22. h3 b6 23. Rxc7 Rxc7 24. Qd6 Qc8 25. Bd5 Bxd5+ 26. Qxd5+ Kh8
27. e3 Rc5 28. Qb3 Rc2 29. d4 Qf5 30. Rf1 exd4 31. exd4 Rd2 32. Qf7 Qe4+ 33.
Kg1 h6 34. Qxa7 Qxd4 35. b3 Kh7 36. Qa8 Qb4 37. Kg2 Qb5 38. a4 Qxb3 39. Qe4+
Kh8 40. Rb1 Rd4 41. Qxd4 Qxb1 42. Qc4 Qd1 43. Qc8+ Kh7 44. Qf5+ Kh8 45. Qb5 Qd4
46. Qe8+ Kh7 47. h4 Qd5+ 48. f3 h5 49. Qe2 Qd4 50. Qe4+ Qxe4 51. fxe4 Kg6 52.
Kf3 Kf7 53. Ke3 Ke6 54. Kd4 g5 55. Kc4 Kd6 56. Kb5 gxh4 57. gxh4 Kc7 58. Kc4
Kd6 59. Kb4 Kd7 1/2-1/2

[Event "Kaufbeuren 2007 Gruppe A"]
[Site "Kaufbeuren"]
[Date "2007.10.20"]
[Round "9"]
[White "R30 V2.5, TASC."]
[Black "Sparc, Saitek"]
[Result "1/2-1/2"]
[WhiteElo "2336"]
[BlackElo "2187"]
[PlyCount "64"]
[EventDate "2007.10.20"]
[EventType "tourn"]
[EventCountry "GER"]
[EventCategory "1"]
[SourceDate "2007.10.20"]

1. e4 e6 2. d4 d5 3. Nc3 Bb4 4. e5 c5 5. a3 Bxc3+ 6. bxc3 Ne7 7. Qg4 O-O 8. Bd3
Nbc6 9. Qh5 Ng6 10. Nf3 Qc7 11. Be3 c4 12. Bxg6 fxg6 13. Qg4 Qa5 14. Bd2 Qa4
15. Ra2 Bd7 16. O-O b6 17. Re1 Rf5 18. Ng5 Raf8 19. Nh3 Kh8 20. Qg3 Qa5 21. Re2
a6 22. Ra1 Qb5 23. Bc1 Na7 24. a4 Qa5 25. Re1 Bxa4 26. Ng5 Re8 27. Qh3 h6 28.
g4 Rff8 29. Ba3 Rf4 30. Bc1 Rff8 31. Ba3 Rf4 32. Bc1 Rff8 1/2-1/2

[Event "Kaufbeuren 2007 Gruppe A"]
[Site "Kaufbeuren"]
[Date "2007.10.20"]
[Round "7"]
[White "R30 V2.5, TASC."]
[Black "TM London 66 MHz, Mephisto"]
[Result "0-1"]
[WhiteElo "2336"]
[BlackElo "2343"]
[PlyCount "80"]
[EventDate "2007.10.20"]
[EventType "tourn"]
[EventCountry "GER"]
[EventCategory "1"]
[SourceDate "2007.10.20"]

1. d4 d5 2. c4 c6 3. Nf3 Nf6 4. Nc3 dxc4 5. Ne5 Bf5 6. f3 b5 7. e4 Bc8 8. a4
Ba6 9. Nxc6 Nxc6 10. axb5 Nxd4 11. Rxa6 e5 12. Bxc4 Bc5 13. f4 exf4 14. Bxf4
Rc8 15. e5 Nd7 16. e6 fxe6 17. Bxe6 Bb6 18. Qh5+ g6 19. Bxd7+ Qxd7 20. Qd5 Rf8
21. Qe4+ Kf7 22. Be5 Nf5 23. g4 Rfd8 24. Qe2 Rc5 25. Bf4 Re8 26. Ne4 Nd4 27.
Nd6+ Qxd6 28. Qxe8+ Kxe8 29. Bxd6 Rc1+ 30. Kd2 Rxh1 31. Ra4 Kd7 32. Bg3 Nxb5
33. Rf4 Nd6 34. Kc2 Rg1 35. b3 Rg2+ 36. Kd3 Rb2 37. b4 Ke6 38. g5 Nf5 39. Kc4
Re2 40. Rf3 Nxg3 0-1

[Event "Kaufbeuren 2007 Gruppe A"]
[Site "Kaufbeuren"]
[Date "2007.10.20"]
[Round "9"]
[White "Risc 2500, Saitek"]
[Black "Genius 68030, Mephisto"]
[Result "0-1"]
[WhiteElo "2239"]
[BlackElo "2335"]
[PlyCount "126"]
[EventDate "2007.10.20"]
[EventType "tourn"]
[EventCountry "GER"]
[EventCategory "1"]
[SourceDate "2007.10.20"]

1. e4 c6 2. d4 d5 3. Nc3 dxe4 4. Nxe4 Nd7 5. Bc4 Ngf6 6. Nxf6+ Nxf6 7. Nf3 e6
8. O-O Be7 9. Qe2 O-O 10. c3 b6 11. Bf4 Bb7 12. Rad1 Qc8 13. Ng5 Nd5 14. Qd3
Bxg5 15. Bxg5 h6 16. Bh4 c5 17. Bg3 Rd8 18. Rfe1 Ne7 19. Be5 cxd4 20. cxd4 Qc6
21. f3 Rac8 22. Bb5 Qd5 23. Qe2 Qxa2 24. Ra1 Qd5 25. Rxa7 Ng6 26. Bg3 Qxd4+ 27.
Bf2 Qd5 28. Bxb6 Nf4 29. Qf1 Rd6 30. Be3 e5 31. b4 Nxg2 32. Qxg2 Qxb5 33. Qe2
Rg6+ 34. Kf1 Ba6 35. Rxa6 Qxa6 36. Qxa6 Rxa6 37. b5 Ra2 38. Bf2 Rcc2 39. Bg1
Rc3 40. Be3 Rb3 41. b6 Rxh2 42. Kg1 Rc2 43. Kf1 f5 44. Re2 Rcc3 45. Bf2 Rxf3
46. Kg2 e4 47. Rc2 Kf7 48. Rc7+ Ke6 49. Rc6+ Ke5 50. Rc5+ Kf4 51. Rc2 h5 52.
Bd4 h4 53. Rc1 g5 54. Kg1 g4 55. Bc5 g3 56. Bd6+ Kg4 57. Bc7 e3 58. Re1 e2 59.
Be5 Kh3 60. Bd4 Rbd3 61. b7 Rd1 62. Bc3 Rxc3 63. b8=Q Rxe1# 0-1

[Event "Kaufbeuren 2007 Gruppe A"]
[Site "Kaufbeuren"]
[Date "2007.10.20"]
[Round "3"]
[White "Risc 2500, Saitek"]
[Black "Montreux, Mephisto"]
[Result "0-1"]
[WhiteElo "2239"]
[BlackElo "2280"]
[PlyCount "150"]
[EventDate "2007.10.20"]
[EventType "tourn"]
[EventCountry "GER"]
[EventCategory "1"]
[SourceDate "2007.10.20"]

1. d4 d5 2. c4 Nc6 3. Nc3 dxc4 4. Nf3 a6 5. e4 b5 6. d5 Nb8 7. a4 b4 8. Na2 Nf6
9. Bxc4 Nxe4 10. Qe2 Nd6 11. Nxb4 a5 12. Na2 Nxc4 13. Qxc4 Ba6 14. Qb3 c6 15.
Nc3 Nd7 16. Be3 cxd5 17. Qxd5 e6 18. Qe4 Rc8 19. O-O-O Qc7 20. Kb1 Bb4 21. Nb5
Bxb5 22. axb5 Nf6 23. Qe5 Qc2+ 24. Ka1 Qa4+ 25. Kb1 O-O 26. Rc1 Qb3 27. b6 Ng4
28. Qd4 Nxe3 29. Qxe3 Qa4 30. Rxc8 Rxc8 31. Rc1 Rxc1+ 32. Qxc1 Qd7 33. Qc2 Bd6
34. Qd3 Qe7 35. Qa6 Qe8 36. Qxa5 Qc6 37. Qa7 Qe4+ 38. Ka1 Qc6 39. b7 Qc1+ 40.
Ka2 Qc4+ 41. Kb1 Qd3+ 42. Ka1 Qf1+ 43. Ka2 Qc4+ 44. b3 Qc2+ 45. Ka1 Qc3+ 46.
Kb1 Qxb3+ 47. Ka1 h6 48. Qa8+ Kh7 49. Qc8 g6 50. h4 Kg7 51. h5 gxh5 52. Qd7
Qa3+ 53. Kb1 h4 54. Qb5 h3 55. b8=Q Bxb8 56. Qxb8 Qd3+ 57. Ka2 hxg2 58. Qe5+
Kh7 59. Qg3 Qxf3 60. Qxf3 g1=Q 61. Qxf7+ Qg7 62. Qf3 Kg8 63. Qa8+ Qf8 64. Qg2+
Kh7 65. Qh2 Qf3 66. Kb2 h5 67. Kc2 Kg6 68. Kd2 Kf5 69. Ke1 e5 70. Kf1 Qd1+ 71.
Kg2 Qg4+ 72. Kf1 h4 73. Ke1 h3 74. f3 Qxf3 75. Qc2+ Qe4+ 0-1

[Event "Kaufbeuren 2007 Gruppe A"]
[Site "Kaufbeuren"]
[Date "2007.10.20"]
[Round "7"]
[White "Risc 2500, Saitek"]
[Black "Sparc, Saitek"]
[Result "1/2-1/2"]
[WhiteElo "2239"]
[BlackElo "2187"]
[PlyCount "233"]
[EventDate "2007.10.20"]
[EventType "tourn"]
[EventCountry "GER"]
[EventCategory "1"]
[SourceDate "2007.10.20"]

1. d4 Nf6 2. c4 e5 3. dxe5 Ng4 4. Nf3 Bc5 5. e3 Nc6 6. Be2 Ngxe5 7. Nc3 O-O 8.
Nxe5 Nxe5 9. O-O a5 10. f4 Ng6 11. f5 Ne5 12. f6 g6 13. Bd2 Ra6 14. Qc2 Rxf6
15. Rxf6 Qxf6 16. Nd5 Qd6 17. Bxa5 b6 18. Bc3 c6 19. b4 cxd5 20. bxc5 Qxc5 21.
Bd4 Qc7 22. Rb1 dxc4 23. Bxb6 Qc6 24. Bd4 d6 25. Rb6 Qd5 26. a4 Bf5 27. Qc3 Bd7
28. a5 Rc8 29. a6 Bc6 30. Bf1 Ba8 31. a7 Bb7 32. e4 Qxe4 33. Rxd6 Nc6 34. Bh8
Kf8 35. Rd7 Nd8 36. Bf6 Ne6 37. Qa3+ Nc5 38. Rxb7 Qxb7 39. Bd4 c3 40. Bxc5+ Kg8
41. Bd3 Qd5 42. Qxc3 Rxc5 43. a8=Q+ Qxa8 44. Qxc5 Qd8 45. Bc4 Qd1+ 46. Kf2 Qc2+
47. Kg3 Qe4 48. h3 Kg7 49. Bd5 Qe5+ 50. Kf3 Qf6+ 51. Ke3 Qe5+ 52. Kf2 Qb2+ 53.
Kg1 Qe5 54. Qc4 f5 55. Kf2 Qb2+ 56. Kf3 Qa3+ 57. Ke2 Qb2+ 58. Kd3 Qb1+ 59. Ke3
Qe1+ 60. Kf3 Kf6 61. Qd4+ Qe5 62. Qb6+ Kg5 63. Qd8+ Kh6 64. Qh4+ Kg7 65. Qc4 h6
66. Qc6 h5 67. h4 Qe1 68. Qc7+ Kh6 69. Qf4+ Kg7 70. Qd4+ Kh7 71. Bc4 Qe8 72. g3
Qe1 73. Qd7+ Kh6 74. Qd3 Qh1+ 75. Kf4 Qc1+ 76. Ke5 f4 77. gxf4 Qe1+ 78. Qe2
Qxh4 79. Qd2 Qe7+ 80. Be6 g5 81. f5 Qc7+ 82. Qd6 Qc3+ 83. Qd4 Qxd4+ 84. Kxd4 g4
85. f6 g3 86. Ke3 Kg6 87. f7 Kg7 88. Kf3 h4 89. Kg2 Kf8 90. Kh3 Ke7 91. Bc4 Kf8
92. Bb3 Ke7 93. Be6 Kf8 94. Bc4 Ke7 95. Ba2 Kf8 96. Bd5 Kg7 97. Bb3 Kf8 98. Ba2
Ke7 99. Kg2 Kf8 100. Bd5 Ke7 101. Bc4 Kf8 102. Be6 Ke7 103. Bd5 Kf8 104. Bc4
Kg7 105. Bb3 Kf8 106. Ba2 Ke7 107. Kf3 Kf8 108. Bd5 Ke7 109. Bb3 Kf8 110. Ke2
Ke7 111. Bc4 h3 112. Kf3 g2 113. Kf2 Kf8 114. Kg1 Ke7 115. Bd5 Kf8 116. Bb3 Ke7
117. Be6 1/2-1/2

[Event "Kaufbeuren 2007 Gruppe A"]
[Site "Kaufbeuren"]
[Date "2007.10.20"]
[Round "5"]
[White "Risc 2500, Saitek"]
[Black "TM London 66 MHz, Mephisto"]
[Result "0-1"]
[WhiteElo "2239"]
[BlackElo "2343"]
[PlyCount "130"]
[EventDate "2007.10.20"]
[EventType "tourn"]
[EventCountry "GER"]
[EventCategory "1"]
[SourceDate "2007.10.20"]

1. e4 Nf6 2. e5 Nd5 3. d4 d6 4. Nf3 g6 5. Bc4 c6 6. O-O Bg7 7. exd6 Qxd6 8. Re1
Bg4 9. h3 Bxf3 10. Qxf3 e6 11. Nc3 O-O 12. Bg5 Nxc3 13. bxc3 Nd7 14. Rad1 Qa3
15. Bb3 Qa5 16. Be7 Rfe8 17. Bd6 Rad8 18. Rb1 Qg5 19. Bf4 Qf5 20. g4 Qf6 21.
Qe3 Qe7 22. Bg5 Bf6 23. Bxf6 Qxf6 24. g5 Qf5 25. a4 c5 26. Bc4 cxd4 27. cxd4
Qxc2 28. Rec1 Qxa4 29. Ra1 Qb4 30. Rab1 Qa5 31. Rxb7 Nb6 32. Bb3 Nd5 33. Bxd5
Rxd5 34. h4 Rf8 35. Rcc7 Qa1+ 36. Kg2 Qxd4 37. Qxd4 Rxd4 38. Rxa7 Rxh4 39. Kg3
Rh5 40. f4 e5 41. Rc6 exf4+ 42. Kxf4 Rb8 43. Ra5 h6 44. Rcc5 hxg5+ 45. Rxg5
Rb4+ 46. Kg3 Rxg5+ 47. Rxg5 Kg7 48. Kf3 f5 49. Rg1 Kf6 50. Ra1 Rb3+ 51. Kf2 f4
52. Ra6+ Kf5 53. Ra5+ Kg4 54. Ra2 g5 55. Kg2 f3+ 56. Kf2 Rb4 57. Kg1 Kf4 58.
Rc2 g4 59. Rc1 g3 60. Ra1 Kg4 61. Rd1 Rb2 62. Kh1 Kh3 63. Rf1 f2 64. Rxf2 Rb1+
65. Rf1 Rxf1# 0-1

[Event "Kaufbeuren 2007 Gruppe A"]
[Site "Kaufbeuren"]
[Date "2007.10.20"]
[Round "6"]
[White "Sparc, Saitek"]
[Black "Atlanta, Mephisto"]
[Result "0-1"]
[WhiteElo "2187"]
[BlackElo "2293"]
[PlyCount "80"]
[EventDate "2007.10.20"]
[EventType "tourn"]
[EventCountry "GER"]
[EventCategory "1"]
[SourceDate "2007.10.20"]

1. e4 c6 2. c4 d5 3. exd5 cxd5 4. cxd5 Nf6 5. Qa4+ Nbd7 6. Nc3 g6 7. g3 Bg7 8.
Bg2 O-O 9. Nge2 Nb6 10. Qb3 Bg4 11. d4 Bxe2 12. Kxe2 Qd7 13. Re1 Rad8 14. Kf1
Rfe8 15. Bg5 Nbxd5 16. Nxd5 Nxd5 17. Kg1 b6 18. Bxd5 Qxd5 19. Rxe7 Qxb3 20.
Rxe8+ Rxe8 21. axb3 Bxd4 22. Ra4 f6 23. Bf4 Bc5 24. Rxa7 Re1+ 25. Kg2 Re2 26.
Ra8+ Kf7 27. Ra7+ Ke6 28. Ra2 Rxf2+ 29. Kh3 h5 30. b4 g5 31. Bxg5 fxg5 32. Ra7
Be3 33. g4 Bf4 34. Re7+ Kxe7 35. gxh5 Rxh2+ 36. Kg4 Ke6 37. h6 Ke5 38. h7 Ke4
39. h8=Q Rxh8 40. b3 Rh4# 0-1

[Event "Kaufbeuren 2007 Gruppe A"]
[Site "Kaufbeuren"]
[Date "2007.10.20"]
[Round "4"]
[White "Sparc, Saitek"]
[Black "Elite 68060 V11, Fidelity"]
[Result "0-1"]
[WhiteElo "2187"]
[BlackElo "2311"]
[PlyCount "118"]
[EventDate "2007.10.20"]
[EventType "tourn"]
[EventCountry "GER"]
[EventCategory "1"]
[SourceDate "2007.10.20"]

1. d4 d5 2. c4 dxc4 3. Nf3 Nf6 4. Nc3 e6 5. e4 Bb4 6. Bg5 c5 7. e5 cxd4 8. Qa4+
Nc6 9. O-O-O Bd7 10. Ne4 Be7 11. exf6 gxf6 12. Bh4 Rc8 13. Kb1 Ne5 14. Qxa7 Bc6
15. Nxf6+ Bxf6 16. Nxe5 Be4+ 17. Bd3 cxd3 18. Bxf6 Qxf6 19. Qxd4 Bd5 20. Qa4+
Bc6 21. Nxc6 bxc6 22. Rxd3 Qxf2 23. Rhd1 Qf5 24. Ka1 O-O 25. Rd7 Rb8 26. g3 Rb5
27. a3 Rfb8 28. Rd8+ Rxd8 29. Rxd8+ Kg7 30. Qd4+ Qe5 31. a4 Qxd4 32. Rxd4 Rf5
33. Rc4 Rh5 34. h4 Ra5 35. b3 c5 36. Re4 Kf6 37. g4 h6 38. Kb2 Ke7 39. Kc3 Ra8
40. Rc4 Kd6 41. Rf4 Ke7 42. Kc2 f6 43. Rc4 Kd6 44. Kc3 e5 45. Kd2 Kd5 46. Rc3
Rg8 47. Rg3 c4 48. b4 f5 49. g5 f4 50. Rg1 e4 51. g6 e3+ 52. Kc3 f3 53. Rd1+
Ke4 54. Rd4+ Kf5 55. Rd5+ Kxg6 56. h5+ Kh7 57. Kxc4 e2 58. Re5 f2 59. Re7+ Kh8
0-1

[Event "Kaufbeuren 2007 Gruppe A"]
[Site "Kaufbeuren"]
[Date "2007.10.20"]
[Round "8"]
[White "Sparc, Saitek"]
[Black "Montreux, Mephisto"]
[Result "1-0"]
[WhiteElo "2187"]
[BlackElo "2280"]
[PlyCount "111"]
[EventDate "2007.10.20"]
[EventType "tourn"]
[EventCountry "GER"]
[EventCategory "1"]
[SourceDate "2007.10.20"]

1. d4 Nf6 2. c4 e5 3. dxe5 Ng4 4. Bf4 Nc6 5. Nf3 Bc5 6. e3 f6 7. exf6 Qxf6 8.
Qc2 d6 9. a3 Bf5 10. Qb3 Bxb1 11. Rxb1 Nxf2 12. Qxb7 Kd7 13. Bxd6 Qxd6 14. Kxf2
Rhe8 15. g3 Bxe3+ 16. Kg2 Rab8 17. Qa6 Qg6 18. Be2 Rb6 19. Qa4 Kc8 20. Rhd1 Bd2
21. Bf1 Be3 22. Kh1 Bc5 23. Bg2 Re2 24. b4 Be7 25. c5 Rb7 26. Nh4 Bxh4 27. Qxc6
Qxc6 28. Bxc6 Bf6 29. Bxb7+ Kxb7 30. Rd3 Kc6 31. Rbd1 Bb2 32. h3 a5 33. bxa5
Kxc5 34. Rb3 Bd4 35. a6 Re8 36. a7 Ra8 37. Rc1+ Kd5 38. Rb8 Rxa7 39. Rd8+ Ke4
40. Re1+ Kf3 41. Rxd4 Rxa3 42. Rg4 g6 43. Rf1+ Ke3 44. Rc4 Ke2 45. Rg1 h5 46.
Rxc7 Ra6 47. Rd7 Kf3 48. Re7 Rd6 49. Rg2 Rc6 50. Kh2 Rc1 51. Ree2 Rf1 52. Re6
Rc1 53. Rxg6 Rc5 54. Re6 Rc1 55. Rge2 Rc3 56. h4 1-0

[Event "Kaufbeuren 2007 Gruppe A"]
[Site "Kaufbeuren"]
[Date "2007.10.20"]
[Round "1"]
[White "Sparc, Saitek"]
[Black "TM London 66 MHz, Mephisto"]
[Result "0-1"]
[WhiteElo "2187"]
[BlackElo "2343"]
[PlyCount "98"]
[EventDate "2007.10.20"]
[EventType "tourn"]
[EventCountry "GER"]
[EventCategory "1"]
[SourceDate "2007.10.20"]

1. d4 Nf6 2. Nf3 d5 3. c4 c6 4. Bf4 Bf5 5. Qb3 Qb6 6. Nh4 Bxb1 7. Rxb1 Qxb3 8.
axb3 Nbd7 9. e3 e6 10. c5 Nh5 11. Bd6 Bxd6 12. cxd6 Nhf6 13. Bd3 Nb6 14. Ra1
Nc8 15. O-O Nxd6 16. Ra5 O-O 17. Rfa1 a6 18. R5a3 Nfe4 19. Nf3 Rfd8 20. b4 f6
21. Ra5 Rd7 22. R5a4 Re8 23. h3 e5 24. dxe5 fxe5 25. Nh4 Rf8 26. Nf3 Nxf2 27.
Kxf2 e4 28. Be2 Re7 29. R4a3 exf3 30. gxf3 Re4 31. Rb3 Rh4 32. Kg2 Re8 33. Ra5
Nf5 34. e4 Nd6 35. Kg3 Rh6 36. Rba3 Rf6 37. h4 dxe4 38. R5a4 Nf5+ 39. Kg4 Nd4
40. Re3 Nxe2 41. Rxe2 Rxf3 42. Ra3 Kf7 43. Rxf3+ exf3 44. Kxf3 Rxe2 45. Kxe2
Kg6 46. Kf2 Kh5 47. Kg3 b6 48. Kh3 c5 49. bxc5 bxc5 0-1

[Event "Kaufbeuren 2007 Gruppe A"]
[Site "Kaufbeuren"]
[Date "2007.10.20"]
[Round "4"]
[White "TM London 66 MHz, Mephisto"]
[Black "Atlanta, Mephisto"]
[Result "0-1"]
[WhiteElo "2343"]
[BlackElo "2293"]
[PlyCount "126"]
[EventDate "2007.10.20"]
[EventType "tourn"]
[EventCountry "GER"]
[EventCategory "1"]
[SourceDate "2007.10.20"]

1. d4 d5 2. c4 c6 3. Nf3 Nf6 4. Nc3 dxc4 5. a4 Na6 6. e4 Bg4 7. Bxc4 e6 8. Be3
Bb4 9. Qc2 Bxf3 10. gxf3 Qa5 11. O-O Nc7 12. Qb3 O-O-O 13. Rfc1 Be7 14. Ne2 Qh5
15. Ng3 Qg6 16. Bd3 Nd7 17. f4 Qg4 18. a5 a6 19. Be2 Qh3 20. Qc2 Nf6 21. Bf1
Qh4 22. h3 Rd7 23. Bg2 h6 24. f5 Rhd8 25. Qc4 g6 26. fxe6 fxe6 27. e5 Nfd5 28.
Bd2 Nf4 29. Bxf4 Rxd4 30. Qc2 Qxf4 31. Ne2 Qxe5 32. Nxd4 Qxd4 33. Rd1 Qf6 34.
Rxd8+ Bxd8 35. Rd1 g5 36. Qh7 Nd5 37. Qg8 Kc7 38. Rd2 Kd6 39. Re2 Qe7 40. Bf3
Bxa5 41. Qb8+ Kc5 42. Qe5 Qh7 43. Re4 Qf5 44. Bg4 Qxe5 45. Rxe5 Bd8 46. Rxe6
Bf6 47. b3 Kb4 48. Bf3 Bd4 49. Rxh6 Kxb3 50. Bxd5+ cxd5 51. Rg6 Kc4 52. Rxg5 b5
53. Rg6 a5 54. Rc6+ Bc5 55. Re6 b4 56. h4 a4 57. h5 a3 58. h6 a2 59. Ra6 b3 60.
h7 Bd4 61. Kg2 Kb5 62. Ra3 b2 63. h8=Q Bxh8 0-1

[Event "Kaufbeuren 2007 Gruppe A"]
[Site "Kaufbeuren"]
[Date "2007.10.20"]
[Round "2"]
[White "TM London 66 MHz, Mephisto"]
[Black "Elite 68060 V11, Fidelity"]
[Result "0-1"]
[WhiteElo "2343"]
[BlackElo "2311"]
[PlyCount "70"]
[EventDate "2007.10.20"]
[EventType "tourn"]
[EventCountry "GER"]
[EventCategory "1"]
[SourceDate "2007.10.20"]

1. d4 c5 2. dxc5 e6 3. Nc3 Bxc5 4. Ne4 Nf6 5. Nxc5 Qa5+ 6. c3 Qxc5 7. Nf3 Nc6
8. Bf4 Ne4 9. e3 e5 10. Bg3 Nxg3 11. hxg3 d5 12. Nd2 O-O 13. Nb3 Qd6 14. Bd3 g6
15. Qe2 Be6 16. O-O-O a5 17. Nd2 a4 18. a3 Rfc8 19. Rh6 Rc7 20. Rdh1 f5 21. Bc2
d4 22. exd4 Nxd4 23. cxd4 Rac8 24. Qxe5 Rxc2+ 25. Kd1 Rc1+ 26. Ke2 Qa6+ 27. Ke3
Rxh1 28. Rxh1 Re8 29. Nf3 Bf7 30. Qxe8+ Bxe8 31. Ne5 Qb6 32. Rb1 Qb3+ 33. Kd2
Bb5 34. g4 fxg4 35. f3 g3 0-1

[Event "Kaufbeuren 2007 Gruppe A"]
[Site "Kaufbeuren"]
[Date "2007.10.20"]
[Round "6"]
[White "TM London 66 MHz, Mephisto"]
[Black "Montreux, Mephisto"]
[Result "1-0"]
[WhiteElo "2343"]
[BlackElo "2280"]
[PlyCount "112"]
[EventDate "2007.10.20"]
[EventType "tourn"]
[EventCountry "GER"]
[EventCategory "1"]
[SourceDate "2007.10.20"]

1. d4 Nf6 2. c4 e5 3. dxe5 Ne4 4. Nf3 Bb4+ 5. Bd2 Bc5 6. e3 Nc6 7. Nc3 Nxd2 8.
Qxd2 O-O 9. Nd5 a5 10. Be2 Re8 11. Qc3 d6 12. exd6 Qxd6 13. O-O Bf5 14. Rfd1
Bb4 15. Qc1 Rad8 16. Nxb4 Qxb4 17. Rxd8 Rxd8 18. a3 Qb3 19. Nd2 Qc2 20. Qxc2
Bxc2 21. Nf3 f6 22. h4 Bd3 23. Bxd3 Rxd3 24. Rc1 Ne5 25. Nxe5 fxe5 26. Rc2 a4
27. Kf1 Kf7 28. Ke2 Rb3 29. Kf3 Ke6 30. Ke4 c6 31. Rd2 g6 32. g3 b6 33. f3 h6
34. h5 g5 35. Rd8 Rxb2 36. Rh8 Rc2 37. Rxh6+ Kd7 38. Kxe5 Rc3 39. Rh7+ Ke8 40.
Ra7 Rxe3+ 41. Kf6 Rxf3+ 42. Kg6 Rxa3 43. h6 Rxg3 44. h7 Rh3 45. Rxa4 Kd7 46.
Ra3 Rxa3 47. h8=Q Ra5 48. Qb8 Ra2 49. Qxb6 g4 50. c5 Rd2 51. Qb7+ Kd8 52. Qxc6
Rd7 53. Kf5 Rc7 54. Qf6+ Kc8 55. c6 Ra7 56. Ke6 Kc7 1-0

[Event "Kaufbeuren 2007 Gruppe A"]
[Site "Kaufbeuren"]
[Date "2007.10.20"]
[Round "9"]
[White "TM London 66 MHz, Mephisto"]
[Black "Polgar 25 MHz , Mephisto"]
[Result "1-0"]
[WhiteElo "2343"]
[BlackElo "2127"]
[PlyCount "145"]
[EventDate "2007.10.20"]
[EventType "tourn"]
[EventCountry "GER"]
[EventCategory "1"]
[SourceDate "2007.10.20"]

1. e4 c6 2. Nf3 d5 3. Nc3 Bg4 4. h3 Bxf3 5. Qxf3 Nf6 6. d3 d4 7. Nd1 e5 8. Be2
Nbd7 9. O-O Be7 10. Qg3 O-O 11. f4 Qb8 12. fxe5 Nxe5 13. Bf4 Bd6 14. c3 c5 15.
cxd4 cxd4 16. Rc1 a5 17. b3 Re8 18. Nb2 b5 19. Kh1 Qd8 20. Rc2 Ra7 21. Bg5 Ng6
22. Qf3 Be5 23. Rc5 Rb7 24. Rfc1 h6 25. Bxf6 Qxf6 26. Qxf6 Bxf6 27. Bg4 Bg5 28.
R1c2 Bf4 29. Bc8 Rb6 30. Bd7 Reb8 31. a4 bxa4 32. Bxa4 Ra6 33. Nc4 Rba8 34. Ra2
Bg3 35. Rd5 Rc8 36. Rxd4 Ra7 37. Ra1 Bf2 38. Rd5 Nf4 39. Rf5 g5 40. Rf1 Bc5 41.
Rd1 Ne2 42. Kh2 Nc3 43. Rdf1 Nxa4 44. bxa4 Bb4 45. Rd5 Kg7 46. Rff5 Rc6 47. Kg3
Rf6 48. Rxf6 Kxf6 49. Kf3 Ke7 50. Ke3 Bc3 51. Nd6 Ra6 52. Nf5+ Kf6 53. Nxh6 Kg6
54. Ng4 Re6 55. d4 f6 56. Kd3 Bb4 57. e5 fxe5 58. Nxe5+ Kf6 59. g4 Rd6 60. Rb5
Ke7 61. Nf3 Rh6 62. Nxg5 Ke8 63. Re5+ Kd7 64. Re3 Be7 65. Nf7 Rb6 66. Ne5+ Ke8
67. Ke4 Rd6 68. d5 Bg5 69. Rd3 Bd8 70. Nc6 Rh6 71. d6 Kd7 72. Ne5+ Ke6 73. d7
1-0